[Event "Moscow Open 2007"]
[Site "Moscow"]
[Date "2007.02.03"]
[Round "8"]
[White "Kachar, Vladimir"]
[Black "Deviatkin, Andrei"]
[Result "1/2-1/2"]
[WhiteElo "2364"]
[BlackElo "2544"]
[PlyCount "73"]
[EventDate "2007.??.??"]

1. Nf3 d6 2. d4 Bg4 3. c4 c6 4. Nc3 g6 5. e4 Bg7 6. Be3 Nf6 7. Be2 Na6 8. O-O
Bxf3 9. Bxf3 O-O 10. Qd2 Re8 11. Rab1 Nc7 12. b4 Nd7 13. Rfd1 Qc8 14. Be2 e6
15. b5 cxb5 16. Nxb5 Nxb5 17. Rxb5 b6 18. Rc1 e5 19. dxe5 Bxe5 20. f4 Bg7 21.
Bf3 Nc5 22. e5 dxe5 23. Bxa8 Qxa8 24. fxe5 Rd8 25. Qc2 Bxe5 26. Rf1 Qc6 27. Qf2
Qe6 28. Bxc5 bxc5 29. Kh1 Bd4 30. Qc2 Rd7 31. Rbb1 Re7 32. Qd3 Kg7 33. Rbd1 h5
34. Rc1 f5 35. Qg3 Be5 36. Qd3 Bd4 37. Qg3 1/2-1/2

[Event "Moscow Open 2007"]
[Site "Moscow"]
[Date "2007.02.03"]
[Round "8"]
[White "Oleksienko, Mikhailo"]
[Black "Rakhmanov, Aleksandr"]
[Result "1/2-1/2"]
[WhiteElo "2541"]
[BlackElo "2473"]
[PlyCount "88"]
[EventDate "2007.??.??"]

1. e4 e5 2. Nf3 Nf6 3. d4 Nxe4 4. Bd3 Nc6 5. Bxe4 d5 6. Bg5 Qd6 7. dxe5 Qb4+ 8.
Nc3 dxe4 9. a3 Qxb2 10. Nd5 Bc5 11. Nxc7+ Kf8 12. Rb1 Qxa3 13. Nxa8 exf3 14.
Qxf3 Qxf3 15. gxf3 Nxe5 16. Ke2 b6 17. Nc7 Bb7 18. Rb3 f6 19. Ne6+ Kf7 20. Nxc5
Bd5 21. Bf4 bxc5 22. Rc3 Nxf3 23. Rd1 Nd4+ 24. Kf1 Be6 25. Rxc5 Bh3+ 26. Ke1
Nf3+ 27. Ke2 Bg4 28. Ra1 Rd8 29. Rxa7+ Kg6 30. Ra3 Nd4+ 31. Kf1 Be2+ 32. Ke1
Ne6 33. Bc7 Rd7 34. Rc6 Bh5 35. Rd6 Rxc7 36. Rxe6 Rxc2 37. Kf1 Rc4 38. Re7 Kh6
39. h3 g5 40. Kg2 Bg6 41. Rf3 f5 42. Re6 Kh5 43. Rb6 Ra4 44. Rfb3 f4 1/2-1/2

[Event "Moscow Open 2007"]
[Site "Moscow"]
[Date "2007.02.03"]
[Round "8"]
[White "Chuprov, Dmitry"]
[Black "Kuzin, Anton"]
[Result "1-0"]
[WhiteElo "2534"]
[BlackElo "2459"]
[PlyCount "59"]
[EventDate "2007.??.??"]

1. Nf3 f5 2. g3 Nf6 3. Bg2 e6 4. O-O Be7 5. c4 O-O 6. d3 d6 7. Nc3 c6 8. b4 a6
9. Rb1 Qe8 10. a4 Qh5 11. b5 e5 12. bxc6 bxc6 13. c5 Nbd7 14. cxd6 Bxd6 15. Nd2
Ra7 16. Nc4 Bc5 17. e3 Qf7 18. Na5 Rc7 19. Qb3 Qxb3 20. Rxb3 Bd6 21. Rd1 Nc5
22. Rb6 Bd7 23. Nc4 Rb7 24. Rxb7 Nxb7 25. Nxd6 Nxd6 26. Ba3 Nfe8 27. Rb1 Rf6
28. Rb6 e4 29. dxe4 Nc4 30. Rb7 1-0

[Event "Moscow Open 2007"]
[Site "Moscow"]
[Date "2007.02.03"]
[Round "8"]
[White "Iljin, Artem"]
[Black "Feoktistov, Alexey A"]
[Result "1/2-1/2"]
[WhiteElo "2529"]
[BlackElo "2445"]
[PlyCount "57"]
[EventDate "2007.??.??"]

1. d4 Nf6 2. c4 e6 3. Nc3 Bb4 4. Qc2 b6 5. a3 Bxc3+ 6. Qxc3 Bb7 7. Nf3 Ne4 8.
Qc2 O-O 9. e3 f5 10. Be2 d6 11. O-O Nd7 12. b4 a5 13. Bb2 Qe7 14. Rad1 axb4 15.
axb4 Ng5 16. Nd2 Nh3+ 17. Kh1 Qh4 18. Bf3 Bxf3 19. Nxf3 Qh5 20. d5 e5 21. Nd2
Ng5 22. f4 exf4 23. exf4 Ne4 24. Nxe4 fxe4 25. Qxe4 Rae8 26. Qd4 Nf6 27. Rf3
Re4 28. Qc3 Rxf4 29. Rdf1 1/2-1/2

[Event "Moscow Open 2007"]
[Site "Moscow"]
[Date "2007.02.03"]
[Round "8"]
[White "Chudinovskikh, Alexander M"]
[Black "Yandemirov, Valeri"]
[Result "1/2-1/2"]
[WhiteElo "2359"]
[BlackElo "2523"]
[PlyCount "21"]
[EventDate "2007.??.??"]

1. e4 e5 2. Nf3 Nc6 3. Nc3 Nf6 4. Bb5 Nd4 5. Nxd4 exd4 6. e5 dxc3 7. exf6 Qxf6
8. dxc3 Qe5+ 9. Be2 Bc5 10. O-O O-O 11. Bd3 1/2-1/2

[Event "Moscow Open 2007"]
[Site "Moscow"]
[Date "2007.02.03"]
[Round "8"]
[White "Ionov, Sergey"]
[Black "Shabanov, Yuri"]
[Result "1-0"]
[WhiteElo "2522"]
[BlackElo "2422"]
[PlyCount "95"]
[EventDate "2007.??.??"]

1. c4 Nf6 2. Nc3 c6 3. e4 e5 4. Nf3 d6 5. d4 Bg4 6. Be2 Nbd7 7. O-O Be7 8. Be3
O-O 9. h3 Bxf3 10. Bxf3 Ne8 11. g3 Bg5 12. Bxg5 Qxg5 13. dxe5 Nxe5 14. Be2 f5
15. exf5 Qxf5 16. Kg2 Qe6 17. Qd4 Nf6 18. Rad1 Nf7 19. Rd3 Rfe8 20. Re3 Qd7 21.
Rxe8+ Qxe8 22. f4 Qd8 23. g4 Qb6 24. Qxb6 axb6 25. Rd1 Ne8 26. a3 Nc7 27. h4 h6
28. Kg3 Kf8 29. g5 hxg5 30. hxg5 Rd8 31. Bh5 Ke7 32. Bg6 d5 33. cxd5 Nxd5 34.
Nxd5+ cxd5 35. Kg4 Rd6 36. Re1+ Kf8 37. Bd3 Nd8 38. f5 Nc6 39. Kf4 Rd8 40. Re6
b5 41. Ke3 b4 42. a4 b3 43. Bb5 d4+ 44. Kd2 Rd5 45. Bd3 Re5 46. Be4 Rxe6 47.
fxe6 Nd8 48. Bd5 1-0

[Event "Moscow Open 2007"]
[Site "Moscow"]
[Date "2007.02.03"]
[Round "8"]
[White "Pushkov, Nikolai"]
[Black "Balashov, Yuri S"]
[Result "0-1"]
[WhiteElo "2522"]
[BlackElo "2422"]
[PlyCount "141"]
[EventDate "2007.??.??"]

1. d4 Nf6 2. Nf3 e6 3. c4 Bb4+ 4. Nbd2 b6 5. g3 Bb7 6. Bg2 c5 7. a3 Bxd2+ 8.
Qxd2 cxd4 9. Qxd4 Nc6 10. Qf4 Na5 11. Bd2 Rc8 12. Bxa5 bxa5 13. O-O Qc7 14.
Rfc1 Qxf4 15. gxf4 Rb8 16. b4 axb4 17. axb4 Bxf3 18. Bxf3 Rxb4 19. Rxa7 Ke7 20.
e4 Rc8 21. Rd1 Rbxc4 22. e5 Nd5 23. Bxd5 Rc1 24. Bf3 Rxd1+ 25. Bxd1 Rc1 26. Kg2
Rxd1 27. Ra3 Rd4 28. Kf3 h6 29. h4 h5 30. Ra8 f6 31. exf6+ Kxf6 32. Rf8+ Ke7
33. Rh8 Rd5 34. Kg3 Rf5 35. Rg8 Kf7 36. Rd8 Rd5 37. Rh8 Rd3+ 38. f3 Rd5 39. Rd8
g6 40. Kf2 Rd1 41. Ke2 Rd4 42. Ke3 Rd5 43. Kf2 Ke7 44. Rg8 Rf5 45. Ke3 Kf7 46.
Rd8 d5 47. Rd7+ Kf8 48. Rd8+ Ke7 49. Rg8 d4+ 50. Kxd4 Kf7 51. Ra8 Rxf4+ 52. Ke5
Rxf3 53. Ra7+ Kg8 54. Ra1 Rh3 55. Ra8+ Kh7 56. Ra7+ Kh6 57. Ra4 Rg3 58. Ra1 Rg4
59. Rh1 g5 60. hxg5+ Kxg5 61. Kxe6 h4 62. Ke5 Rg2 63. Ke4 Kg4 64. Rf1 h3 65.
Rf8 h2 66. Rg8+ Kh3 67. Rh8+ Kg3 68. Ke3 Ra2 69. Rg8+ Kh3 70. Rh8+ Kg2 71. Rg8+
0-1

[Event "Moscow Open 2007"]
[Site "Moscow"]
[Date "2007.02.03"]
[Round "8"]
[White "Gabrielian, Artur"]
[Black "Orlinkov, Maxim L"]
[Result "1/2-1/2"]
[WhiteElo "2521"]
[BlackElo "2377"]
[PlyCount "51"]
[EventDate "2007.??.??"]

1. e4 e5 2. Nf3 d6 3. d4 exd4 4. Nxd4 Nf6 5. Nc3 Be7 6. Bf4 O-O 7. Qd2 d5 8.
Ndb5 c6 9. Nc7 d4 10. Ne2 g5 11. Be5 Nbd7 12. Bxf6 Nxf6 13. Qxg5+ Kh8 14. Nxa8
Re8 15. Rd1 Nxe4 16. Qe5+ Bf6 17. Qh5 Bg4 18. Qxf7 Qxa8 19. h3 Be6 20. Qc7 Bd5
21. h4 Bd8 22. Qf4 Ba5+ 23. c3 dxc3 24. bxc3 Nxc3 25. Qf6+ Kg8 26. Qg5+ 1/2-1/2

[Event "Moscow Open 2007"]
[Site "Moscow"]
[Date "2007.02.03"]
[Round "8"]
[White "Losev, Dmitry"]
[Black "Nikolenko, Oleg"]
[Result "0-1"]
[WhiteElo "2345"]
[BlackElo "2516"]
[PlyCount "82"]
[EventDate "2007.??.??"]

1. e4 e6 2. d4 d5 3. Nd2 c5 4. exd5 exd5 5. Ngf3 Nf6 6. Bb5+ Bd7 7. Bxd7+ Nbxd7
8. O-O Be7 9. dxc5 Nxc5 10. Nd4 Qd7 11. N2f3 O-O 12. Ne5 Qc7 13. Bf4 Qb6 14.
Nf5 Rfe8 15. Qd4 Bf8 16. Rfe1 Rac8 17. Bg3 Qe6 18. Ne3 Nce4 19. Nd3 Nxg3 20.
hxg3 Qc6 21. Ng4 Nxg4 22. Qxg4 Qxc2 23. Rec1 Qxd3 24. Rxc8 f5 25. Rxe8 fxg4 26.
Rc1 Kf7 27. Rb8 Bd6 28. Rxb7+ Ke6 29. Rxa7 Be5 30. Rc6+ Kf5 31. Rf7+ Bf6 32.
Rd7 d4 33. Rd5+ Kg6 34. Kh2 Qd2 35. a4 Qxf2 36. a5 h5 37. a6 h4 38. gxh4 Qxh4+
39. Kg1 g3 40. a7 Qe4 41. Kf1 d3 0-1

[Event "Moscow Open 2007"]
[Site "Moscow"]
[Date "2007.02.03"]
[Round "8"]
[White "Naumkin, Igor"]
[Black "Zemtsov, Igor"]
[Result "0-1"]
[WhiteElo "2510"]
[BlackElo "2364"]
[PlyCount "96"]
[EventDate "2007.??.??"]

1. d4 g6 2. c4 Nf6 3. Nc3 d5 4. cxd5 Nxd5 5. e4 Nxc3 6. bxc3 Bg7 7. Bc4 c5 8.
Ne2 Nc6 9. Be3 O-O 10. O-O Qc7 11. Rc1 a6 12. Qd2 b5 13. Bb3 Na5 14. Bh6 Nxb3
15. axb3 Bxh6 16. Qxh6 c4 17. b4 a5 18. bxa5 Rxa5 19. e5 Bb7 20. Nf4 Qd7 21.
Rfe1 Qf5 22. Re3 f6 23. Rh3 Rf7 24. Nxg6 fxe5 25. Qh4 Qf6 26. dxe5 Qxh4 27.
Nxh4 Ra2 28. Rf1 Be4 29. f4 Bd3 30. Rff3 e6 31. f5 exf5 32. Rhg3+ Kf8 33. h3
Ke7 34. Rf4 Rc2 35. Rg8 Rxc3 36. Rb8 Rc1+ 37. Kh2 c3 38. Rd4 c2 39. Rb7+ Kf8
40. Rb8+ Kg7 41. Rxd3 Rh1+ 42. Kxh1 c1=Q+ 43. Kh2 Qf4+ 44. Rg3+ Kh6 45. Rxb5
Qxh4 46. Rb6+ Kh5 47. Rg8 Qf4+ 48. Kh1 Rc7 0-1

[Event "Moscow Open 2007"]
[Site "Moscow"]
[Date "2007.02.03"]
[Round "8"]
[White "Rozum, Ivan"]
[Black "Zinchenko, Yaroslav"]
[Result "1/2-1/2"]
[WhiteElo "2336"]
[BlackElo "2507"]
[PlyCount "44"]
[EventDate "2007.??.??"]

1. e4 c5 2. Nf3 d6 3. Bb5+ Nd7 4. d4 Ngf6 5. Nc3 a6 6. Bxd7+ Nxd7 7. Bg5 h6 8.
Bh4 g5 9. Bg3 Bg7 10. h3 O-O 11. a4 cxd4 12. Nxd4 Qb6 13. Nb3 Nf6 14. O-O Bd7
15. a5 Qb4 16. Re1 Rac8 17. e5 dxe5 18. Bxe5 Rfd8 19. Bxf6 Bxf6 20. Re4 Qd6 21.
Qxd6 exd6 22. Nd5 Kg7 1/2-1/2

[Event "Moscow Open 2007"]
[Site "Moscow"]
[Date "2007.02.03"]
[Round "8"]
[White "Zontakh, Andrey"]
[Black "Guseva, Marina"]
[Result "1-0"]
[WhiteElo "2562"]
[BlackElo "2305"]
[PlyCount "45"]
[EventDate "2007.??.??"]

1. Nf3 d5 2. d4 e6 3. c4 c6 4. Qc2 f5 5. Bf4 Nf6 6. Nc3 Be7 7. e3 O-O 8. h3 a6
9. Bd3 b5 10. cxd5 cxd5 11. Ne5 Ne4 12. a4 b4 13. Nxe4 fxe4 14. Be2 a5 15. Rc1
Bd6 16. Bg4 Kh8 17. Nf7+ Rxf7 18. Qxc8 Qxc8 19. Rxc8+ Rf8 20. Rxf8+ Bxf8 21.
Bxe6 Na6 22. Bxd5 Rc8 23. O-O 1-0

[Event "Moscow Open 2007"]
[Site "Moscow"]
[Date "2007.02.03"]
[Round "8"]
[White "Shimanov, Aleksandr"]
[Black "Belov, Vladimir"]
[Result "0-1"]
[WhiteElo "2419"]
[BlackElo "2600"]
[PlyCount "108"]
[EventDate "2007.??.??"]

1. d4 Nf6 2. c4 g6 3. Nc3 Bg7 4. e4 d6 5. Nf3 O-O 6. Be2 e5 7. Be3 Ng4 8. Bg5
f6 9. Bc1 Nc6 10. d5 Ne7 11. h3 Nh6 12. h4 f5 13. h5 f4 14. hxg6 Nxg6 15. Bd2
c5 16. a3 b6 17. b4 Nf5 18. exf5 Bxf5 19. Rh5 e4 20. Rxf5 Rxf5 21. Nxe4 Rh5 22.
Ng1 Rh1 23. Kf1 Qh4 24. Bg4 Re8 25. Be6+ Rxe6 26. dxe6 Qh2 27. Ke2 Qxg2 28. Nc3
Ne5 29. Qa4 f3+ 30. Kd1 Qxg1+ 31. Kc2 Qg6+ 32. Kb3 Nxc4 33. Qd7 Nxd2+ 34. Ka4
a6 35. Ne4 Nxe4 36. Qd8+ Bf8 37. e7 Qf7 38. Qxf8+ Qxf8 39. exf8=Q+ Kxf8 40.
Rxh1 c4 41. Rc1 d5 42. Rc2 Ke7 43. b5 Nc5+ 44. Kb4 Nd3+ 45. Kc3 axb5 46. Kd4
Kd6 47. Rd2 b4 48. axb4 Nxb4 49. Rd1 Nc6+ 50. Ke3 Ne5 51. Kf4 b5 52. Rh1 Nc6
53. Ke3 b4 54. Kd2 Ne5 0-1

[Event "Moscow Open 2007"]
[Site "Moscow"]
[Date "2007.02.03"]
[Round "8"]
[White "Obodchuk, Andrei"]
[Black "Korobov, Anton"]
[Result "1-0"]
[WhiteElo "2410"]
[BlackElo "2547"]
[PlyCount "67"]
[EventDate "2007.??.??"]

1. d4 Nf6 2. c4 g6 3. Nc3 Bg7 4. e4 d6 5. Nf3 O-O 6. Be2 e5 7. Be3 Nbd7 8. O-O
c6 9. d5 c5 10. Ne1 Ne8 11. Nd3 f5 12. exf5 gxf5 13. f4 e4 14. Nf2 Bxc3 15.
bxc3 Ndf6 16. Qe1 Bd7 17. h3 Ng7 18. Nd1 Qa5 19. Bf2 e3 20. Bh4 Ne4 21. Rf3 Nh5
22. g3 Nhf6 23. Rxe3 b5 24. Nf2 Nxf2 25. Qxf2 Ne4 26. Qe1 b4 27. Bd3 Rae8 28.
g4 Nxc3 29. gxf5 Qa3 30. Kh1 Qb2 31. Qg3+ Kf7 32. Rg1 Rxe3 33. Qxe3 Re8 34. Qf3
1-0

[Event "Moscow Open 2007"]
[Site "Moscow"]
[Date "2007.02.03"]
[Round "8"]
[White "Ovod, Evgenija"]
[Black "Prokopchuk, Evgeny"]
[Result "0-1"]
[WhiteElo "2410"]
[BlackElo "2516"]
[PlyCount "102"]
[EventDate "2007.??.??"]

1. d4 g6 2. e4 Bg7 3. Nf3 d6 4. Bc4 c6 5. O-O d5 6. Bb3 Bg4 7. h3 Bxf3 8. Qxf3
e6 9. Nc3 Nf6 10. Be3 dxe4 11. Nxe4 Nxe4 12. Qxe4 Nd7 13. Rad1 Nf6 14. Qd3 Nd5
15. c4 Nxe3 16. fxe3 O-O 17. c5 Qg5 18. Rf3 Rad8 19. Rdf1 Qe7 20. Qe4 Kh8 21.
g4 Rde8 22. Qc2 f5 23. gxf5 exf5 24. d5 Qg5+ 25. Qg2 Qxg2+ 26. Kxg2 Bxb2 27.
Ba4 Re4 28. Bc2 Rc4 29. Bd3 Rxc5 30. dxc6 bxc6 31. e4 f4 32. Rxf4 Rxf4 33. Rxf4
Kg7 34. Kf2 Be5 35. Rf3 Rc3 36. Ke2 c5 37. Bb5 Rxf3 38. Kxf3 Kf6 39. Bc4 h5 40.
Ke3 Bd6 41. Be2 Kg5 42. Kd3 Kh4 43. Bf1 g5 44. Kc4 g4 45. Kd5 Bf8 46. hxg4 hxg4
47. e5 Kg3 48. Ke6 Kf4 49. Kf7 Kxe5 50. Kxf8 g3 51. Kf7 c4 0-1

[Event "Moscow Open 2007"]
[Site "Moscow"]
[Date "2007.02.03"]
[Round "8"]
[White "Maiorov, Nikita"]
[Black "Pustov, Pavel"]
[Result "1/2-1/2"]
[WhiteElo "2516"]
[BlackElo "2407"]
[PlyCount "54"]
[EventDate "2007.??.??"]

1. d4 Nf6 2. c4 g6 3. Nf3 Bg7 4. g3 O-O 5. Bg2 d6 6. O-O Nc6 7. Nc3 a6 8. e4
Bg4 9. h3 Bxf3 10. Bxf3 e5 11. d5 Nd4 12. Bg2 c5 13. dxc6 bxc6 14. b4 a5 15. b5
cxb5 16. cxb5 Rc8 17. Bd2 Rc4 18. a4 Qc7 19. Rc1 Rc8 20. Re1 h5 21. h4 Qb6 22.
Ne2 Ng4 23. Rf1 Nxf2 24. Rxf2 Nxe2+ 25. Qxe2 Rxc1+ 26. Bxc1 Rxc1+ 27. Kh2 Bh6
1/2-1/2

[Event "Moscow Open 2007"]
[Site "Moscow"]
[Date "2007.02.03"]
[Round "8"]
[White "Kachko, Alexander"]
[Black "Iljushin, Alexei"]
[Result "1/2-1/2"]
[WhiteElo "2410"]
[BlackElo "2510"]
[PlyCount "155"]
[EventDate "2007.??.??"]

1. e4 c5 2. Nc3 Nc6 3. g3 g6 4. Bg2 Bg7 5. d3 d6 6. Be3 Rb8 7. Qd2 b5 8. Nge2
Nd4 9. O-O h5 10. Nd1 Nxe2+ 11. Qxe2 Nf6 12. h3 O-O 13. Qd2 Re8 14. f4 Nd7 15.
c3 Nb6 16. f5 e6 17. fxg6 fxg6 18. Bg5 Qc7 19. Ne3 e5 20. c4 Bd7 21. g4 hxg4
22. hxg4 Rf8 23. b3 Rf4 24. Rae1 Rbf8 25. Bh3 b4 26. Qh2 Rxf1+ 27. Rxf1 Rxf1+
28. Bxf1 Be6 29. Qh4 Qf7 30. Qf2 Nd7 31. Qxf7+ Kxf7 32. Kf2 Bf6 33. Bxf6 Kxf6
34. Kg3 Kg5 35. Be2 Nf6 36. Bf3 a5 37. Be2 Bd7 38. Bd1 Bc6 39. Bf3 a4 40. Nd1
Nh7 41. Nf2 Kf6 42. Bd1 a3 43. Nh3 Nf8 44. g5+ Ke7 45. Ng1 Ne6 46. Nf3 Nf4 47.
Ne1 Bd7 48. Bf3 Bh3 49. d4 Bf1 50. Kf2 Bxc4 51. bxc4 b3 52. Bd1 Nd3+ 53. Ke2
bxa2 54. Nc2 Nb4 55. Na1 exd4 56. Kd2 Ke6 57. Ba4 Ke5 58. Be8 d3 59. Nb3 Nc2
60. Kxd3 a1=Q 61. Nxa1 Nxa1 62. Kc3 a2 63. Kb2 Nc2 64. Kxa2 Kf4 65. Bxg6 Kxg5
66. Bh7 Kf4 67. Kb3 Nd4+ 68. Ka4 Nf3 69. Kb5 Ne5 70. Bf5 Ke3 71. Kb6 Kd4 72.
Kc7 Nxc4 73. Be6 Kxe4 74. Bxc4 d5 75. Ba2 c4 76. Kd6 Kd4 77. Kc6 c3 78. Bb3
1/2-1/2

[Event "Moscow Open 2007"]
[Site "Moscow"]
[Date "2007.02.03"]
[Round "8"]
[White "Ageichenko, Genadi A"]
[Black "Andreikin, Dmitry"]
[Result "0-1"]
[WhiteElo "2402"]
[BlackElo "2509"]
[PlyCount "62"]
[EventDate "2007.??.??"]

1. d4 Nf6 2. c4 c5 3. d5 e6 4. Nc3 exd5 5. cxd5 d6 6. Nf3 g6 7. g3 Bg7 8. Bg2
O-O 9. O-O Re8 10. Nd2 Nbd7 11. a4 a6 12. Nc4 Nb6 13. Na3 Nbd7 14. Qb3 Rb8 15.
Nc4 Ne5 16. Nb6 Nfd7 17. Nxc8 Qxc8 18. Bh3 h5 19. Ne4 Qc7 20. Qc2 Nf6 21. Nxf6+
Bxf6 22. a5 b5 23. axb6 Rxb6 24. Bg2 Qb7 25. Rd1 Nd7 26. Ra2 Rb8 27. Rd2 c4 28.
Qa4 Nc5 29. Qxc4 Rc8 30. Qf4 Be5 31. Qg5 Ne6 0-1

[Event "Moscow Open 2007"]
[Site "Moscow"]
[Date "2007.02.03"]
[Round "8"]
[White "Sjugirov, Sanan"]
[Black "Yudin, Sergei"]
[Result "1/2-1/2"]
[WhiteElo "2396"]
[BlackElo "2508"]
[PlyCount "55"]
[EventDate "2007.??.??"]

1. e4 d6 2. d4 Nf6 3. Nc3 e5 4. Nf3 Nbd7 5. Bc4 Be7 6. O-O O-O 7. Re1 a6 8. a4
b6 9. Nd5 Bb7 10. Nxe7+ Qxe7 11. Bg5 h6 12. Bh4 Rfe8 13. Bd5 c6 14. Ba2 Nf8 15.
c3 Bc8 16. dxe5 dxe5 17. Qb3 N8d7 18. Red1 Rb8 19. Qc4 Nc5 20. Nxe5 Be6 21. Qd4
Bxa2 22. Nxc6 Qe6 23. Nxb8 Rxb8 24. Bxf6 gxf6 25. b4 Nxa4 26. c4 Bxc4 27. Rxa4
Bb3 28. Raa1 1/2-1/2

[Event "Moscow Open 2007"]
[Site "Moscow"]
[Date "2007.02.03"]
[Round "8"]
[White "Kharitonov, Alexandr"]
[Black "Soltanici, Ruslan"]
[Result "1/2-1/2"]
[WhiteElo "2503"]
[BlackElo "2372"]
[PlyCount "117"]
[EventDate "2007.??.??"]

1. d4 Nf6 2. c4 Nc6 3. Nc3 e5 4. d5 Ne7 5. g3 Ng6 6. h4 h5 7. Bh3 Be7 8. Bg5 d6
9. e4 Ng4 10. Bd2 a6 11. f3 Nf6 12. Qe2 c6 13. Rc1 cxd5 14. cxd5 O-O 15. Bxc8
Rxc8 16. Nh3 Qd7 17. Ng5 Bd8 18. Kf2 Bb6+ 19. Kg2 Bd4 20. Qd3 b5 21. b3 Qb7 22.
Ne2 Ba7 23. Rxc8 Rxc8 24. Rc1 Rxc1 25. Bxc1 Qb6 26. Nh3 Qc5 27. Qc3 Qb6 28.
Qc8+ Nf8 29. Bd2 N6d7 30. Qc6 f6 31. Qxb6 Bxb6 32. Nf2 Kf7 33. Nd3 Nc5 34. Nec1
Nfd7 35. Kf1 g6 36. Nxc5 Nxc5 37. Bb4 f5 38. Bxc5 Bxc5 39. Nd3 Bb6 40. Nb4 a5
41. Nc2 Bc5 42. a4 bxa4 43. bxa4 Kf6 44. Ke2 g5 45. hxg5+ Kxg5 46. exf5 Kxf5
47. Ne3+ Kg5 48. Nc4 Bb4 49. Ke3 Kf5 50. Kd3 Kg5 51. Ke2 Kf5 52. Ke3 Bc5+ 53.
Kd3 Bb4 54. Ne3+ Kg5 55. Ke4 Be1 56. Nf5 Bb4 57. Ne3 Be1 58. Nf5 Bb4 59. Ne3
1/2-1/2

[Event "Moscow Open 2007"]
[Site "Moscow"]
[Date "2007.02.03"]
[Round "8"]
[White "Beletsky, Alexey"]
[Black "Ivanov, Victor L"]
[Result "1-0"]
[WhiteElo "2386"]
[BlackElo "2502"]
[PlyCount "203"]
[EventDate "2007.??.??"]

1. d4 d5 2. c4 c6 3. Nf3 Nf6 4. Qc2 g6 5. Bf4 dxc4 6. Qxc4 Bg7 7. Nc3 O-O 8. e4
Qa5 9. e5 Nd5 10. Bd2 Nb6 11. Qd3 Bf5 12. Qe3 Nd5 13. Nxd5 Qxd5 14. Be2 c5 15.
dxc5 Nd7 16. Bc3 Qxc5 17. Qxc5 Nxc5 18. O-O Bd3 19. Rfe1 Rfd8 20. Kf1 Rd5 21.
Rad1 Rad8 22. Bxd3 Nxd3 23. Re4 b5 24. a3 a6 25. g4 e6 26. Rd2 Bh6 27. g5 Bf8
28. Rd4 Rxd4 29. Bxd4 Nf4 30. Be3 Rxd2 31. Nxd2 Nd3 32. Bd4 Bg7 33. Nf3 h6 34.
h4 Kf8 35. Ke2 Nf4+ 36. Ke3 Nd5+ 37. Ke4 Ke8 38. Bc5 Kd7 39. Nd4 hxg5 40. hxg5
Kc7 41. Ne2 Nb6 42. b3 Nd5 43. Kd4 Kc6 44. Bd6 Nb6 45. Nc3 Bh8 46. f4 Bg7 47.
Be7 Nd7 48. a4 bxa4 49. bxa4 Nb6 50. a5 Nd7 51. Kc4 Bxe5 52. fxe5 Nxe5+ 53. Kd4
Nf3+ 54. Ke4 Nd2+ 55. Ke5 Nc4+ 56. Kf6 Nxa5 57. Kxf7 Kd7 58. Bf6 Nc4 59. Kxg6
Ne3 60. Be5 Ke7 61. Ne4 Nf5 62. Nc5 a5 63. Bc7 Nd4 64. Bxa5 Kd6 65. Ne4+ Kd5
66. Nf6+ Kc4 67. Ng4 Nf3 68. Kf6 Nxg5 69. Kxg5 Kd5 70. Kf6 Kd6 71. Bb4+ Kd5 72.
Ne5 Ke4 73. Kxe6 Kd4 74. Kd6 Ke4 75. Bc5 Kf5 76. Kd5 Kf4 77. Bf2 Kf5 78. Be3
Kf6 79. Nc6 Kf5 80. Nd4+ Kg4 81. Ke4 Kg3 82. Kf5 Kh3 83. Kf4 Kg2 84. Kg4 Kh2
85. Kf3 Kh1 86. Nf5 Kh2 87. Ng3 Kh3 88. Bg1 Kh4 89. Ne4 Kh5 90. Kf4 Kg6 91. Ng5
Kf6 92. Bc5 Kg6 93. Be7 Kh5 94. Nf3 Kg6 95. Ne5+ Kh5 96. Kf5 Kh6 97. Ng4+ Kg7
98. Kg5 Kh7 99. Bf8 Kg8 100. Bh6 Kh7 101. Kh5 Kg8 102. Kg6 1-0

[Event "Moscow Open 2007"]
[Site "Moscow"]
[Date "2007.02.03"]
[Round "8"]
[White "Romanov, Evgeny"]
[Black "Loskutov, Oleg"]
[Result "1-0"]
[WhiteElo "2501"]
[BlackElo "2397"]
[PlyCount "89"]
[EventDate "2007.??.??"]

1. e4 c5 2. Ne2 d6 3. g3 h5 4. d4 cxd4 5. Nxd4 h4 6. gxh4 Rxh4 7. Nc3 Qa5 8.
Nb3 Qe5 9. f4 Qh5 10. Qxh5 Rxh5 11. Nd5 Kd8 12. Be3 Nh6 13. O-O-O Bg4 14. Rd2
Bf3 15. Bg2 Bxg2 16. Rxg2 e6 17. Nc3 g6 18. Rd1 Be7 19. Bc5 Nc6 20. Bxd6 Bxd6
21. Rxd6+ Ke7 22. Rgd2 Rd8 23. e5 Nf5 24. Rxd8 Nxd8 25. Nc5 Rh4 26. Rd7+ Ke8
27. Nb5 Nc6 28. Rxb7 Nfe7 29. b4 Rxh2 30. Nd7 Kd8 31. Nd6 Nf5 32. Nxf7+ Kc8 33.
Nc5 Ncd4 34. Nd6+ Nxd6 35. exd6 Rxc2+ 36. Kb1 Rxc5 37. d7+ Kxb7 38. d8=Q Rd5
39. Qe7+ Kb6 40. a4 a5 41. b5 Nf5 42. Qxe6+ Rd6 43. Qc8 Rd1+ 44. Kb2 Rd6 45.
Kc3 1-0

[Event "Moscow Open 2007"]
[Site "Moscow"]
[Date "2007.02.03"]
[Round "8"]
[White "Reshetnikov, Alexey"]
[Black "Geller, Jakov"]
[Result "0-1"]
[WhiteElo "2388"]
[BlackElo "2490"]
[PlyCount "44"]
[EventDate "2007.??.??"]

1. e4 c5 2. Nf3 e6 3. d4 cxd4 4. Nxd4 Nc6 5. Nc3 Qc7 6. Be3 a6 7. Qd2 Nf6 8.
O-O-O Bb4 9. f3 Ne5 10. Nb3 b5 11. Kb1 Nc4 12. Bxc4 bxc4 13. Nc1 O-O 14. N1e2
Rb8 15. Qd4 e5 16. Qd2 d5 17. exd5 Bf5 18. Ka1 Nxd5 19. Qxd5 Rfd8 20. Bb6 Qxb6
21. Qxc4 Rdc8 22. Qb3 Qg6 0-1

[Event "Moscow Open 2007"]
[Site "Moscow"]
[Date "2007.02.03"]
[Round "8"]
[White "Timofeev, Vladimir F"]
[Black "Dvalishvili, Pavel S"]
[Result "0-1"]
[WhiteElo "2302"]
[BlackElo "2477"]
[PlyCount "100"]
[EventDate "2007.??.??"]

1. e4 c5 2. c3 Nf6 3. e5 Nd5 4. Bc4 Nb6 5. Bb3 Nc6 6. Nf3 g6 7. d4 cxd4 8. cxd4
Bg7 9. Ng5 O-O 10. f4 d5 11. Nc3 f6 12. Nf3 Bg4 13. O-O Qd7 14. Ne4 Na5 15. Nc5
Qc6 16. Qe1 Nxb3 17. axb3 Bxf3 18. Rxf3 fxe5 19. fxe5 Rxf3 20. gxf3 Nd7 21. b4
Nf8 22. Be3 b6 23. Nd3 Qd7 24. Qe2 Rc8 25. Rc1 Rxc1+ 26. Nxc1 Ne6 27. Qc2 Bf8
28. Qd3 Qa4 29. Qc3 Ng7 30. b3 Qd7 31. Bh6 Nf5 32. Bxf8 Kxf8 33. Ne2 Nh4 34.
Ng3 Qh3 35. Qb2 Nxf3+ 36. Kh1 Qg4 37. Qf2 Kg7 38. Kg2 Ng5 39. Kf1 Qd1+ 40. Kg2
Ne6 41. Ne2 Qxe2 42. Qxe2 Nf4+ 43. Kf3 Nxe2 44. Kxe2 g5 45. b5 Kg6 46. Kf3 Kf5
47. h3 h5 48. Ke3 e6 49. b4 g4 50. h4 g3 0-1

[Event "Moscow Open 2007"]
[Site "Moscow"]
[Date "2007.02.03"]
[Round "8"]
[White "Krivoborodov, Egor"]
[Black "Sergienko, Sergey"]
[Result "0-1"]
[WhiteElo "2380"]
[BlackElo "2467"]
[PlyCount "56"]
[EventDate "2007.??.??"]

1. e4 c6 2. d4 g6 3. Nc3 d5 4. Nf3 Bg7 5. h3 dxe4 6. Nxe4 Nf6 7. Nxf6+ exf6 8.
Bc4 O-O 9. O-O Nd7 10. Bf4 Nb6 11. Bb3 a5 12. a4 Nd5 13. Bh2 Bf5 14. Re1 Qd7
15. Nd2 Rfe8 16. Rxe8+ Rxe8 17. Nc4 Bf8 18. Qd2 h5 19. Qxa5 Bb4 20. Qa7 Bxh3
21. gxh3 Qxh3 22. Qxb7 Be1 23. Be5 Nf4 24. Bxf4 Qg4+ 25. Bg3 Bxf2+ 26. Kf1 Qe2+
27. Kg2 Bxg3+ 28. Kxg3 Qg4+ 0-1

[Event "Moscow Open 2007"]
[Site "Moscow"]
[Date "2007.02.03"]
[Round "8"]
[White "Kurdakov, Yuri"]
[Black "Konovalov, Nikolay"]
[Result "0-1"]
[WhiteElo "2282"]
[BlackElo "2463"]
[PlyCount "82"]
[EventDate "2007.??.??"]

1. Nf3 c5 2. c4 g6 3. g3 Bg7 4. Bg2 Nc6 5. O-O d6 6. Nc3 e5 7. d3 Nge7 8. a3
O-O 9. Rb1 a5 10. Ne1 Be6 11. Nc2 d5 12. cxd5 Nxd5 13. Nxd5 Bxd5 14. Bxd5 Qxd5
15. b4 cxb4 16. axb4 a4 17. b5 Nd4 18. Na3 Rfe8 19. e4 Qc5 20. Nc4 Nxb5 21. Be3
Qc6 22. Nb6 Nc3 23. Qc2 Nxb1 24. Qxc6 bxc6 25. Nxa8 Rxa8 26. Rxb1 a3 27. Ra1 a2
28. Bd2 Bf8 29. Bc3 f6 30. Kf1 Bc5 31. Ke2 Bd4 32. Bxd4 exd4 33. Kd2 Ra3 34.
Kc2 Kf7 35. Kb2 Rxd3 36. Kxa2 Ke6 37. f4 Re3 38. Rc1 Kd6 39. e5+ fxe5 40. fxe5+
Rxe5 41. Kb3 Rb5+ 0-1

[Event "Moscow Open 2007"]
[Site "Moscow"]
[Date "2007.02.03"]
[Round "8"]
[White "Khruschiov, Alexey"]
[Black "Kalashnikov, Konstantin"]
[Result "1-0"]
[WhiteElo "2456"]
[BlackElo "2384"]
[PlyCount "125"]
[EventDate "2007.??.??"]

1. d4 d6 2. e4 Nf6 3. Nc3 c6 4. f4 Qa5 5. Bd3 e5 6. Nf3 Bg4 7. Be3 Nbd7 8. O-O
Be7 9. Qd2 Bxf3 10. gxf3 Nh5 11. Kh1 Nxf4 12. Bxf4 exf4 13. Qxf4 Qg5 14. Qg3
Qxg3 15. hxg3 Bf6 16. Ne2 O-O-O 17. c3 Nb6 18. Kg2 Kb8 19. Rad1 Rhe8 20. Rh1 h6
21. f4 a6 22. Kf3 c5 23. g4 Rc8 24. Rd2 Rc7 25. Rh5 cxd4 26. Nxd4 Bxd4 27. cxd4
Rc1 28. Rc2 Rd1 29. Ke3 Ra1 30. a3 Rg1 31. Be2 Re1 32. Kf3 Rg1 33. Rh2 Re7 34.
Bd3 Nd7 35. Rhg2 Rd1 36. Rgd2 Rg1 37. e5 dxe5 38. dxe5 g5 39. Bf5 Nb6 40. Rd6
Ka7 41. Rxh6 Rf1+ 42. Rf2 Rxf2+ 43. Kxf2 gxf4 44. e6 fxe6 45. Bxe6 Na4 46. b4
Nc3 47. Kf3 Nb5 48. Kxf4 Nd4 49. Ke5 Nxe6 50. Rxe6 Rc7 51. Kf4 Rf7+ 52. Kg3 Rg7
53. Rf6 Rg8 54. Rf5 Kb6 55. g5 Kc6 56. Kg4 Kd6 57. Rf7 Kc6 58. Rf6+ Kb5 59. Rf3
Ka4 60. Kh5 Rh8+ 61. Kg6 Rg8+ 62. Kh6 b5 63. g6 1-0